[Event "London Classic"]
[Site "London"]
[Date "2009.12.15"]
[Round "7"]
[White "Adams, Michael"]
[Black "McShane, Luke J"]
[Result "1-0"]
[WhiteElo "2698"]
[BlackElo "2615"]
[Annotator "Adams,M"]
[PlyCount "91"]
[EventDate "2009.12.08"]
[EventType "tourn"]
[EventRounds "7"]
[EventCountry "ENG"]
[EventCategory "18"]
[SourceTitle "CBM 134"]
[Source "ChessBase"]
[SourceDate "2010.01.18"]
[SourceVersion "1"]
[SourceVersionDate "2010.01.18"]
[SourceQuality "1"]

{It has been good to see Luke in more regular chess action recently this was
our first game since 2003.} 1. e4 e5 2. Nf3 Nc6 3. Bb5 a6 4. Ba4 Nf6 5. O-O Be7
6. Re1 b5 7. Bb3 d6 8. c3 O-O 9. h3 Nb8 {Luke wheeled out the Breyer for the
first time in the European Team Championships making an easy draw with
Gashimov. I wasn't too sure what to expect but thought it could be time for a
second outing.} 10. d4 Nbd7 11. Nbd2 Bb7 12. Bc2 Re8 13. Nf1 Bf8 14. Ng3 c6 {
This move has become quite popular and I had faced it before against
Morozevich in the Spanish Team Championship in 2007. I wasn't convinced the
solid but slightly passive positions arising would suit my opponent but later
on he found a way to make things very interesting.} 15. a4 Qc7 16. Be3 Rad8 17.
Qc1 h6 18. b3 Qb8 {Black's problem here is that all his pieces are already on
optimal squares and his only positive plan the d5 break opens up the game in
White's favour, so he just shuffles around a bit waiting for White to commit
himself.} 19. Rb1 Qc8 20. Qb2 ({The aforementioned game went} 20. b4 Qc7 21.
Nd2 d5 {when I had managed to allow Black to achieve a complete freeing of his
game. Armed with the fruits of our post mortem I tried to do a bit better this
time round.}) 20... Qc7 21. Rbd1 Bc8 22. c4 {This was the idea which got the
seal of approval in the Morozevisch postmortem White secures a space advantage.
} bxc4 ({It was more flexible to take on d4 immediately as} 22... exd4 23. Bxd4
c5 24. Bc3 b4 {is another interesting option.}) 23. bxc4 exd4 24. Bxd4 c5 25.
Bc3 Bb7 {I felt White should be doing well here but although I have achieved
some strategical goals Black's compact structure remains a tough nut to crack.}
26. Nf5 ({Luke pointed out that} 26. Nh4 $1 Re6 27. Nhf5 {would have been a
better way to turn the screw, preventing the dangerous counterplay that he
develops in the game.}) 26... Re6 27. Nd2 Rde8 ({Unsurprisingly Luke wasn't
interested in} 27... g6 28. Ne3 Nxe4 {although it is not easy to demonstrate a
clearly convincing path for White I was intending} (28... Bg7 {is pleasant for
White}) 29. Nd5 (29. Bxe4 Bxe4 30. Nxe4 Rxe4 31. Nd5 Rxe1+ 32. Rxe1 Qb8 {
clearly gives good compensation but maybe no more than that}) 29... Bxd5 30.
cxd5 Nxc3 31. dxe6 Nxd1 32. exf7+ Kxf7 (32... Kh7 33. Rxd1 Bg7 {looks
hazardous but maybe alright}) 33. Qb3+ Kg7 34. Qg3 Ne5 35. f4 {which looked
very promising to me although} Nc6 36. Qxg6+ ({or} 36. Re6 Kh8 37. Bxd1 Qg7 38.
Rxg6 Qd4+) 36... Kh8 37. Rxd1 Qg7 {continues the struggle.}) 28. f3 Nh5 {
I hadn't appreciated the strength of this idea although the White forces are
well centralised they aren't conveniently placed to cover the sensitive dark
squares on the kingside that Black's knights are homing in on.} 29. Nf1 Ne5 ({
Taking the aggressive option although it may be objectively better to play} 
29... g6 30. N5e3 Bg7 {when White is only a little better as the exchange of
dark-squared bishops is positionally desirable for Black.}) 30. N1e3 Rg6 (30...
Nf4 {gives Black an extra option after} 31. Qc1 ({but} 31. Kh1 {will probably
transpose to the game}) 31... Nxh3+) 31. Kh1 Nf4 32. Qc1 Qc8 ({The queen
retreat seems wise as} 32... Bc8 33. Nd5 Nxd5 34. exd5) ({and} 32... h5 33. Nd5
Bxd5 34. exd5 Rxg2 (34... Nxg2 35. Re2) 35. Qxf4 Rxc2 36. Bxe5 dxe5 37. Nh6+
Kh7 38. Qe4+ Kxh6 39. Qxc2 {look promising for White.}) 33. Ng4 Nxg2 {There is
no sense in going back, now things get completely crazy as both king's get
exposed with large amounts of material remaining on the board.} 34. Kxg2 ({
I took the knight with little thought but as the horse has no retreat square
there were two other options. After} 34. Rg1 {Black should play the amazing}
Ne1 $1 (34... Nxf3 35. Rxg2 Ng5 {looks troublesome but} 36. Rd5 $1 {is very
strong the rook can't be captured as} Bxd5 37. exd5 {is winning}) 35. Rgxe1 {
maybe strongest} (35. Rdxe1 Nxf3 36. Nfxh6+ gxh6 37. Nf6+ ({the stronger} 37.
Rg3 {is still very messy}) 37... Kh8 {leads nowhere}) (35. Nxe5 Nxf3 $1 (35...
Rxg1+ 36. Kxg1 Nxc2 37. Nxf7 Kxf7 38. Qxc2 Re6 {gives White an edge due to his
more active pieces}) 36. Nxg6 (36. Nxf3 $2 {is met by the devastating riposte}
Qxf5 {the queen can't be taken} 37. exf5 ({but after} 37. Rxg6 Qxf3+ 38. Rg2
Qxh3+ 39. Kg1 Qxc3 {White's position is completely wrecked.}) 37... Bxf3+ 38.
Rg2 Rxg2 39. Qf4 Bc6 40. Rd5 Bxd5 41. cxd5 Rxc2) 36... Nxg1 37. Nge7+ Rxe7 38.
Kxg1 Rxe4 39. Nxh6+ gxh6 40. Bxe4 Bxe4 41. Qf4 {is roughly equal}) 35... Nxf3
36. Re3 Ng5 37. Nfxh6+ gxh6 38. Nf6+ Rxf6 39. Bxf6 {looks a little better for
White.}) ({Therefore the other less obvious rook move might be better} 34. Re2
Ne1 $1 {surprisingly still the best move even though the idea of setting up a
rook fork no longer exists} (34... Nxf3 35. Rxg2 {reaches the position White
is aiming for}) 35. Rdxe1 Nxf3 36. Rf1 Ng5 37. Qf4 Qe6 {looks promising for
White but it's not clear how to continue if} 38. Nfxh6+ gxh6 39. Nf6+ Rxf6 40.
Qxf6 Qxf6 41. Bxf6 Nxe4 {liquidates to an equal ending.}) 34... h5 ({During
the game} 34... Nxf3 35. Kxf3 Qxf5+ 36. Qf4 Qe6 {didn't really feature in my
thoughts, but it could well be a very decent practical option. It wouldn't be
easy to keep White's position together in the time pressured moves before move
40.}) 35. Kf2 ({I didn't like the look of} 35. Qf4 Qe6 {and played a more
ambitious move forcing Luke to open the h-file or throw more fuel on the fire.}
) 35... Nxf3 ({White looks a little better after} 35... hxg4 36. hxg4 Qe6 37.
Bxe5 Qxe5 38. Rh1 Bc8) 36. Nfh6+ ({The knight check is necessary as} 36. Kxf3
$4 Qxf5+ {wins for Black.}) 36... Kh7 ({I thought this was forced but matters
are also not simple in the line} 36... gxh6 37. Nf6+ Rxf6 38. Bxf6 Ne5 $1 (
38... Nxe1 $2 39. Rxe1 {is winning for White}) 39. Qf4 $1 (39. Rg1+ Ng6 40. Qf4
Bg7 41. Qxd6) 39... Ng6 (39... Qxh3 40. Rg1+) 40. Qf5 {although White should
be better here.}) 37. Kxf3 {My king continues to meander round the board. It
is interesting to note that Black's ligh-squared bishop which was biting on
granite has become a very influential piece.} f5 $2 {Luke finds it hard to
resist maximising confusion before the time control but the more
straightforward.} (37... hxg4+ 38. Nxg4 f5 {was a better idea} 39. Kg3 Qc6 (
39... fxg4 40. e5) 40. Rd5 fxg4 41. hxg4 Kg8 42. Rh5 {leaves White's monarch
looking marginally less endangered.}) ({Taking the other knight is not so
clever} 37... gxh6 38. Nf6+ Rxf6+ 39. Bxf6 Qxh3+ 40. Kf2 {and my king walks
away from the checks to victory.}) 38. Kg3 fxg4 ({It is hard to say if this is
a mistake objectively but it clearly is in practical terms especially as after
} 38... hxg4 {my intended} 39. exf5 (39. Nxg4 {would transpose to the
variation in the last note}) ({However the computer points out the strongest
move} 39. Nf7 $1 {and the knight emerges unscathed to keep a material edge}
gxh3+ 40. Ng5+ Kg8 41. exf5 {White should be winning here but the following
variations would be very hard to find over the board.} Qc6 42. Rd5 Rxe1 {
and here} (42... Rh6 43. f6) 43. Qxe1 {is a rather nice touch} (43. Bxe1 Rh6
44. Nxh3 Qe8 45. Bd2 {is also good but less deadly}) 43... Rxg5+ 44. Kh4 Rg2
45. Qe6+ Kh8 46. f6 {and Black's king has limited life expectancy.}) 39... Rxh6
40. hxg4 (40. f6+ g6 41. hxg4 Bf3) 40... Kg8 {is not all that clear.}) 39. e5 {
Now all my pieces are working well and although the White king still feels
very uncomfortable Black doesn't have time to exploit this, partly because his
own monarch is not ideally located either.} h4+ ({I thought this was a mistake
but in fact things are already over anyway if} 39... dxe5 40. Rxe5 Rxe5 41.
Bxe5 Qc6 42. Bxg6+ Qxg6 43. hxg4 {leaves White with extra material.}) ({
The knight can't be captured as} 39... gxh6 40. Bxg6+ ({or} 40. Qb1) 40... Kxg6
41. Qb1+ Qf5 42. Qxb7 {win.}) 40. Kxh4 ({The over cautious} 40. Kh2 $4 {
would lead to complete catastrophe:} g3+ 41. Kg1 Qxh3 {but there is no reason
not to capture the pawn.}) 40... Be7+ 41. Kg3 ({Having made the time control I
felt that both king moves were winning, but decided for the sake of my blood
pressure to take the safe option. Despite its precarious nature} 41. Kh5 Qe6
42. Qb1 {is also more than good enough.}) 41... Rf8 ({I was anticipating} 41...
gxh3+ {when there are a bewildering array of promising options.} 42. Bxg6+ ({
Luke thought} 42. Kh2 {was simplest but} gxh6 {wasn't that clear to me
although there is more than one way to win the computer's} 43. Qb1 Reg8 44.
Bxg6+ Rxg6 45. Rxd6 Bxd6 46. exd6 {leaves Black's pieces pleasingly dominated})
42... Kxg6 43. e6 Bg5 44. Qb1+ Kxh6 45. Qf5 {was my intention which I felt had
to be winning as although I have given back all the material I am closing in
on Black's king, Bxg7+ is one threat. One nice finish is} Qd8 46. Qxh3+ Kg6 47.
Kg4 {and White's king concludes the attack.}) 42. Rf1 gxh6 ({It was still a
better practical chance to play} 42... gxh3+ 43. Bxg6+ Kxg6 44. Ng4 ({however
I was intending} 44. Nf7 Kh5 {when either the simple} (44... Rxf7 45. Qb1+ Rf5
46. exd6 {is a simple win}) 45. Qf4 ({or the flashy} 45. Rd4 Rxf7 46. Qd1+ Kg6
47. Rg4+ {get the job done.})) 44... Kh5 {which could get confusing over the
board.}) 43. Qb1 {The position has clarified and it's clear Black is out of
ammunition.} h5 ({After} 43... Qe6 44. Rxf8 {all Black's pieces drop off with
check .}) 44. Bxg6+ Kh6 45. Bxh5 Rg8 46. Bd2+ {[%emt 0:00:04] and Luke
resigned as it is mate in 4.} 1-0

[Event "Hoogovens"]
[Site "Wijk aan Zee"]
[Date "1998.01.24"]
[Round "7"]
[White "Anand, Viswanathan"]
[Black "Van der Sterren, Paul"]
[Result "1-0"]
[WhiteElo "2770"]
[BlackElo "2550"]
[Annotator "Anand,V"]
[PlyCount "101"]
[EventDate "1998.01.16"]
[EventType "tourn"]
[EventRounds "13"]
[EventCountry "NED"]
[EventCategory "17"]
[SourceTitle "CBM 063"]
[Source "ChessBase"]
[SourceDate "1998.03.26"]
[SourceVersion "1"]
[SourceVersionDate "1998.03.26"]
[SourceQuality "1"]

1. e4 e5 2. Nf3 Nc6 3. Bb5 a6 4. Ba4 Nf6 5. O-O Be7 6. Re1 b5 7. Bb3 d6 8. c3
O-O 9. h3 Nb8 10. d4 Nbd7 11. Nbd2 Bb7 12. Bc2 Re8 13. Nf1 Bf8 14. Ng3 g6 15.
b3 Bg7 16. d5 Rc8 $1 (16... Nb6 17. Rb1 $14) 17. Be3 (17. c4 c6) 17... c6 18.
c4 Qc7 $1 (18... b4 $2 19. a3) 19. Rc1 (19. Bd3 Nc5 (19... cxd5 20. cxd5 Bxd5
21. exd5 e4 $13)) 19... b4 $1 20. Qd2 a5 21. Bb1 (21. Bd3 Nc5) 21... c5 $1 22.
Rf1 Ra8 23. Nh2 a4 24. Bg5 axb3 25. axb3 Ra3 $11 26. Bc2 Ra2 $1 27. Kh1 (27. f4
h6 $1 28. Bxf6 (28. fxe5 hxg5 29. exf6 Bxf6 (29... Nxf6 $5 30. Qxg5 Qe7 $44)
30. Rxf6 (30. Ng4 Bd4+ 31. Kh1 f6) 30... Nxf6 31. Qxg5 Qd8) 28... Nxf6 29. fxe5
Rxe5 $15) 27... h5 28. Rce1 Nh7 29. Be3 Qd8 (29... Rea8 $5 {/\ Qd8-e7} 30. Qd1
Qd8 31. Bb1 Ra1 $1 32. Qc2 Qe7 $11) 30. Qc1 Qe7 31. Ne2 Bc8 32. Bb1 Ra3 33. Qc2
Rf8 (33... Nhf8 $1) 34. Nc1 Re8 35. Nd3 Nhf8 36. Re2 Ra6 (36... g5 $1 {/\ Ng6=}
) 37. Nf3 $2 (37. f4) 37... Nh7 $2 (37... f5 $1 38. exf5 $8 (38. Ng1 f4 39. Bc1
g5 $17) 38... gxf5 $15) 38. Nd2 Nhf8 (38... g5 $1) 39. f4 exf4 40. Bxf4 Ne5 (
40... f6 $5 {/\ Ne5}) 41. Nxe5 Bxe5 42. Bxe5 Qxe5 (42... dxe5 $1) 43. Ref2 Re7
44. Nf3 Qg3 $2 (44... Qc3 $1 45. Qxc3 bxc3 46. Rc1 Ra1 $1) 45. Qd2 $1 Nd7 (
45... Nh7 46. e5 dxe5 47. d6 Rd7 48. Qe3 $1 $36) (45... f6 46. e5 $1 dxe5 47.
Ng5 $16) 46. Qh6 f6 $2 (46... Re5 $1 47. Nxe5 Nxe5 48. Qf4 (48. Qd2 Bd7) 48...
Qxf4 49. Rxf4 Kf8 {/\ Ke7+/=}) 47. e5 $1 $18 dxe5 48. Bxg6 Nf8 (48... f5 49. d6
) 49. Be4 Rg7 50. Ne1 $1 Ng6 (50... f5 51. Qxh5) 51. Rf3 1-0

[Event "Linares 10th"]
[Site "Linares"]
[Date "1992.??.??"]
[Round "13"]
[White "Anand, Viswanathan"]
[Black "Beliavsky, Alexander G"]
[Result "1-0"]
[WhiteElo "2670"]
[BlackElo "2620"]
[Annotator "Anand,V"]
[PlyCount "75"]
[EventDate "1992.02.??"]
[EventType "tourn"]
[EventRounds "13"]
[EventCountry "ESP"]
[EventCategory "17"]
[SourceTitle "CBM 028"]
[Source "ChessBase"]
[SourceDate "1992.06.01"]
[SourceVersion "1"]
[SourceVersionDate "1992.06.01"]
[SourceQuality "1"]

1. e4 e5 2. Nf3 Nc6 3. Bb5 a6 4. Ba4 Nf6 5. O-O Be7 {This was a bit of a
surprise to me- Alexander has been playing the Archangelsk for some time now}
6. Re1 b5 7. Bb3 d6 8. c3 O-O 9. h3 Nb8 10. d4 Nbd7 11. Nbd2 Bb7 12. Bc2 Re8
13. a4 {A fairly safe line - White has active plans without venturing into the
stifling main line 13.Nf1 Bf8 14.Ng3. My work on the ChessBase author disk
obviously didn't hurt my understanding of the Breyer variation!} Bf8 14. Bd3 c6
15. Nf1 d5 {A very forcing alternative} (15... Qc7) 16. Bg5 dxe4 17. Rxe4 Be7 (
17... h6 $2 18. Bxf6 Qxf6 19. N1h2 $1 $16 {Lobron-Smejkal}) 18. Re2 exd4 19.
Nxd4 Bf8 20. Rd2 Qc7 (20... c5 $2 21. Nxb5 $16 {Van der Wiel-Van der Sterren})
21. Bf5 (21. Ne3 g6 {Gets nowhere}) 21... c5 22. Nf3 Ne5 $1 23. Nxe5 Rxe5 $1 (
23... Qxe5 24. Ng3 $14 Ne4 $140 25. Re2) 24. Ne3 Qc6 25. axb5 axb5 26. Rxa8
Bxa8 27. Bxf6 Qxf6 $2 (27... Rxf5 $1 28. Be7 $1 (28. Bxg7 $2 Rg5 29. Bxf8 Rxg2+
30. Kf1 Rg1+ $19) 28... Bxe7 29. Rd8+ Bf8 30. Rxf8+ Kxf8 31. Qd8+ Qe8 32. Qxe8+
Kxe8 33. Nxf5 Kf8 34. b4 cxb4 35. cxb4 Bc6 36. f4 Bd7 37. Ne3 $1 {/\
Kg1-f2-e2-d3-d4+/= -Yusupov. In his hands it is probably +/-!}) 28. Rd8 $16 g6
(28... Qc6 29. Bxh7+ Kxh7 30. Rxf8 Rxe3 $2 31. Qh5+ $18) 29. Rxa8 gxf5 30. Qd7
$1 h5 31. Nd5 Qh6 32. g3 $1 $18 Re1+ 33. Kh2 h4 34. Ne7+ Kh8 35. Nxf5 hxg3+ 36.
Nxg3 Kg8 37. Qxb5 Qd6 38. Qc4 $138 1-0